| 000 | nam a22 7a 4500 | ||
|---|---|---|---|
| 999 |
_c8216 _d8216 |
||
| 005 | 20191017044753.0 | ||
| 008 | 191017b xxu||||| |||| 00| 0 eng d | ||
| 020 |
_a9786214200474 _bpaperback |
||
| 040 |
_beng _cAPEC Schools Library _erda |
||
| 082 |
_aF 361.37 _bL933c 2016 |
||
| 100 | _aLucas, Raquel S. | ||
| 245 |
_aCalled to serve : 11 outstanding Filipino role models / _cRaquel S. Lucas, _cQueena N. Lee-Chua |
||
| 264 |
_aMandaluyong City : _bAnvil Publishing, Inc., _c©2016. |
||
| 300 |
_a62 pages : _billustrations ; |
||
| 336 |
_2rdacontent _atext |
||
| 337 |
_2rdamedia _aunmediated |
||
| 338 |
_2rdacarrier _avolume |
||
| 600 | _aChua, Queena N. Lee | ||
| 650 |
_aVolunteer workers in social service _zPhilippines. |
||
| 650 |
_aSocial advocacy _zPhilippines. |
||
| 942 |
_2ddc _cNFIC |
||